LIBRARY & INFORMATION CENTRE, KCAET, TAVANUR

ONLINE PUBLIC ACCESS CATALOGUE (OPAC)

Design, fabrication and testing of an equipment to measure deep percolation (Record no. 15329)

MARC details
000 -LEADER
fixed length control field 00393nam a22001337a 4500
082 ## - DEWEY DECIMAL CLASSIFICATION NUMBER
Classification number 631.7
Item number JOL/DE
100 ## - MAIN ENTRY--AUTHOR NAME
Personal name JOLLY KUTTY EAPEN
245 ## - TITLE STATEMENT
Title Design, fabrication and testing of an equipment to measure deep percolation
260 ## - PUBLICATION, DISTRIBUTION, ETC. (IMPRINT)
Place of publication Tavanur
Name of publisher Kelappaji College of Agriucltural Engineering and Technology
Year of publication 1990
300 ## - PHYSICAL DESCRIPTION
Number of Pages 92
500 ## - GENERAL NOTE
General note thesis
520 ## - SUMMARY, ETC.
Summary, etc thesis
942 ## - ADDED ENTRY ELEMENTS (KOHA)
Koha item type Theses
Holdings
Withdrawn status Lost status Damaged status Home library Current library Date acquired Full call number Accession Number Koha item type
      KAUAET KAUAET 03/03/2018 631.7 JOL/DE 16961 Theses
free website counter